Countries by Emojis #2 - Statistics

General Stats
  • This quiz has been taken 100 times
    31 since last reset
  • The average score is 6 of 10
Answer Stats
Emojis Country % Correct
πŸœπŸ•ŒπŸͺ Egypt
96%
🐻πŸͺ†πŸ” Russia
78%
πŸ’ƒπŸ·πŸ‚ Spain
78%
πŸ«πŸ§‡πŸŸ Belgium
67%
β›°πŸ©ΈπŸ§› Romania
67%
πŸ•ŒπŸ•‹πŸŒ΄ Saudi Arabia
67%
πŸžπŸŒ‹β„ Iceland
59%
πŸ˜πŸ›•πŸ– Thailand
48%
πŸ–πŸ•πŸ§† Israel
37%
🧿🍦🌞 Turkey
33%
No matching quizzes found
Score Distribution
Percent of People with Each Score
Percentile by Number Answered
Your Score History
You have not taken this quiz since the last reset